000 00499nam a22001817a 4500
003 DO-SdBNP
005 20221027151658.0
007 ta
008 221027b200- dr a|||| |||| 00| 0 spa d
040 _aDO-SdBNP
_bspa
_cBNPHU
082 4 _222
245 0 0 _aGuía de instituciones que ofrecen servicios sociales en el gobierno dominicano
260 _aSanto Domingo :
_bs.n.,
_c200-.
300 _a49 p. :
_bil. ;
_c22 cm.
590 _aInventariado, 2022/BT
910 _aBtavárez
942 _2ddc
_cLF2
999 _c52666
_d52666